LIBRARY & INFORMATION CENTRE, KCAET, TAVANUR

ONLINE PUBLIC ACCESS CATALOGUE (OPAC)

Ancillary mathematics Book-2 / (Record no. 5373)

MARC details
000 -LEADER
fixed length control field 00439cam a2200193ua 4500
041 ## - LANGUAGE CODE
Language code of text/sound track or separate title eng
082 ## - DEWEY DECIMAL CLASSIFICATION NUMBER
Classification number 512.14
Item number NAT/AN
100 ## - MAIN ENTRY--AUTHOR NAME
Personal name Natarajan, T .
245 ## - TITLE STATEMENT
Title Ancillary mathematics Book-2 /
300 ## - PHYSICAL DESCRIPTION
Number of Pages 608 ; .
942 ## - ADDED ENTRY ELEMENTS (KOHA)
Koha item type Books
Holdings
Withdrawn status Lost status Damaged status Home library Current library Date acquired Cost, normal purchase price Full call number Accession Number Koha item type
Withdrawn     KAUAET KAUAET 07/04/2012 7.50 512.14 NAT/AN 7246 Books
Withdrawn     KAUAET KAUAET 07/04/2012 7.50 512.14 NAT/AN 7245 Books
      KAUAET KAUAET 07/04/2012   512.14 NAT/AN 11439 Books
Withdrawn     KAUAET KAUAET 07/04/2012 7.50 512.14 NAT/AN 7247 Books
free website counter